[Event "Mittelfranken-ch Seniors 50th"]
[Site "Buechenbach"]
[Date "2001.04.13"]
[Round "4"]
[White "Schrader, Horst"]
[Black "Faulhaber, Rudolf"]
[Result "0-1"]
[WhiteElo "1309"]
[BlackElo "1538"]
[PlyCount "57"]
[EventDate "2001.04.??"]
[EventType "swiss"]
[EventRounds "7"]
[EventCountry "GER"]
[SourceTitle "EXT 2006"]
[Source "ChessBase"]
[SourceDate "2005.11.24"]
[SourceVersion "1"]
[SourceVersionDate "2005.11.24"]
[SourceQuality "1"]

1. b3 e5 2. Bb2 Nc6 3. e4 Bc5 4. Nf3 d6 5. Bb5 Bg4 6. h3 Bh5 7. Nc3 a6 8. Be2 Nf6 9. g4 Bg6 10. Bc4 Nxe4 11. Nxe4 Bxe4 12. Qe2 Bxc2 13. d3 Qf6 14. a3 0-0-0 15. Qxc2 Qxf3 16. Rh2 Rhe8 17. Qe2 Qxe2+ 18. Kxe2 d5 19. b4 dxc4 20. bxc5 Rxd3 21. Re1 Nd4+ 22. Bxd4 exd4+ 23. Kf1 Rxe1+ 24. Kxe1 Rxa3 25. f4 Ra5 26. Re2 Kd7 27. f5 Rxc5 28. Re4 Rd5 29. Kd2 0-1